00506 a2200109 4500082002200000110006000022245003300082260008300115300002200198650011600220710006000336 a707.956.9bAB135s aThe Lebanese Association for Plastic Arts, Ashkal Alwan aSignatures: Fadi El Abdallah aBeirut, LebanonbThe Lebanese Association for Plastic Arts, Ashkal Alwanc2010 aindefinidoc21 cm xexhibicion-artexinvestigacion-artexpracticas culturales xhome works 6: a forum on cultural practiceszlibano aThe Lebanese Association for Plastic Arts, Ashkal Alwan